Raktározás - A bevételezéstől a felhasználásig

Bibliográfiai részletek
Szerző: Sümegi Balázs
További közreműködők: Majoros Dr. Pál
Dokumentumtípus: Záródolgozat
Kulcsszavak:Raktározás
Bevételezés
Logisztika
Szállítmányozás
Online Access:http://dolgozattar.uni-bge.hu/15434

MARC

LEADER 00000nta a2200000 i 4500
001 dolg15434
005 20200325113826.0
008 180504suuuu hu o 000 hun d
040 |a BGE Dolgozattár Repozitórium  |b hun 
041 |a hu 
100 1 |a Sümegi Balázs 
245 1 0 |a Raktározás - A bevételezéstől a felhasználásig  |c Sümegi Balázs  |h [elektronikus dokumentum] 
246 1 1 |a Raktározás - A bevételezéstől a felhasználásig 
516 |a Final_paper 
695 |a Raktározás 
695 |a Bevételezés 
695 |a Logisztika 
695 |a Szállítmányozás 
700 1 |a Majoros Dr. Pál  |e ths 
856 4 0 |u http://dolgozattar.uni-bge.hu/15434/1/S%C3%BCmegi%20Bal%C3%A1zs_Nemeztk%C3%B6zi%20logisztika%20z%C3%A1r%C3%B3dolgozat.pdf  |z Dokumentum-elérés 
856 4 0 |u http://dolgozattar.uni-bge.hu/15434/2/HivatalosBejegyzes%20%281%29.pdf  |z Dokumentum-elérés